000 01579nam a2200505 i 4500
001 30165
003 KOSZ 005
005 20190829142633.0
008 970510s1994 pl a f |000 0 pol
015 _aPB 1994/4525
020 _a8301114177
035 _a991000495719705066
035 _a(PL-WaBN)b10174795-48omnis_nlop
035 _ab10174795
035 _a(OCoLC)749735075
035 _a(PL)b0000001017479
035 _a(EXLNZ-48OMNIS_NETWORK)9910152267705606
040 _aWA N
_cWA N
_dKOSZ 005/HR
046 _k1994
080 _a628.3
080 _a60
080 _a517.9
100 1 _aBuraczewski, Gerard
_eAutor
245 1 0 _aBiotechnologia osadu czynnego /
_cGerard Buraczewski.
260 _aWarszawa :
_bWydaw. Naukowe PWN,
_c1994.
300 _a224, [2] s., [12] s. tabl. :
_bfot., rys., wykr. ;
_c24 cm.
336 _2rdacontent
_aTekst
_btxt
337 _2rdamedia
_aBez urządzenia pośredniczącego
_bn
338 _2rdacarrier
_aWolumin
_bnc
380 _aKsiążki
380 _aPublikacje naukowe
388 _a1901-2000
388 _a1989-2000
504 _aBibliogr. s. 197-[225].
650 7 _aOsad czynny
_2DBN
650 7 _aBiotechnologia
650 7 _aŚcieki
650 7 _aTechnika sanitarna
650 7 _aModele matematyczne
658 _aInżynieria i technika
710 2 _aWydawnictwo Naukowe PWN
_4pbl
856 _uhttp://koha.tu.koszalin.pl/cgi-bin/koha/opac-detail.pl?biblionumber=30165
_yKatalog online BPK
942 _2UKD
_cKS
999 _c30165
_d30165